000 01078nam a2200289 a 4500
003 OSt
005 20250304164558.0
008
020 _a9780702078132 (paperback)
040 _aNUST
_cNUST
_beng
_dNUST
_eNUST
050 _aQM563 MYE
100 1 _aMyers, Thomas W.,
_aauthor.
245 1 0 _aAnatomy trains :
_bmyofasccial meridians for manual therapists and movement professionals/
_c Thomas W Myers colour illustrations by Graeme Chambers ; Debbie Maizels & Philip Wilson.
250 _aFourth edition.
260 _aChina :
_bElsevier,
_c2021.
300 _axiv, 364 pages :
_billustrations (chiefly colour) ;
_c28 cm.
336 _atext
_btxt
_2rdacontent
337 _aunmediated
_bn
_2rdamedia
338 _avolume
_bnc
_2rdacarrier
504 _aIncludes bibliographical references.
650 1 _aAnatomy, Surgical and topographical.
650 _aKinesiology.
650 _aFasciae (Anatomy).
650 _aManipulation (Therapeutics).
907 _a.b10415531
_b07-03-22
_c07-03-22
942 _cBOOKS
_kQM563
_mMYE
_2ddc
999 _c121829
_d121829